ARRUPE JESUIT UNIVERSITY

CORONAVIRUS -STOP THE SPREAD - CLEAN,DISINFECT,COVER

The new African : (Record no. 124390)

MARC details
000 -LEADER
fixed length control field 01111cam a2200361 a 4500
001 - CONTROL NUMBER
control field 461329
003 - CONTROL NUMBER IDENTIFIER
control field ARRUPE
005 - DATE AND TIME OF LATEST TRANSACTION
control field 20160318121750.0
008 - FIXED-LENGTH DATA ELEMENTS--GENERAL INFORMATION
fixed length control field 860414s1985 sa af b 001 0beng
010 ## - LIBRARY OF CONGRESS CONTROL NUMBER
LC control number 86126813
020 ## - INTERNATIONAL STANDARD BOOK NUMBER
International Standard Book Number 0869752316 (pbk.)
035 ## - SYSTEM CONTROL NUMBER
System control number (OCoLC)13902873
035 ## - SYSTEM CONTROL NUMBER
System control number (OCoLC)ocm13902873
035 ## - SYSTEM CONTROL NUMBER
System control number (CStRLIN)NYCG86-B37989
035 ## - SYSTEM CONTROL NUMBER
System control number (NNC)461329
040 ## - CATALOGING SOURCE
Modifying agency CStRLIN
Transcribing agency DCL
043 ## - GEOGRAPHIC AREA CODE
Geographic area code f-sa---
050 0# - LIBRARY OF CONGRESS CALL NUMBER
Classification number PR9369.3.D47
Item number Z65 1985
082 0# - DEWEY DECIMAL CLASSIFICATION NUMBER
Classification number 822
-- B
Edition number 19
090 ## - LOCALLY ASSIGNED LC-TYPE CALL NUMBER (OCLC); LOCAL CALL NUMBER (OCLC)
Classification number (OCLC) (R) ; Classification number, CALL (RLIN) (NR) PR9369.3.D47
Local cutter number (OCLC) ; Book number/undivided call number, CALL (RLIN) Z65 1985
300 ## - PHYSICAL DESCRIPTION
Other physical details ill. ;
Dimensions 22 cm.
100 1# - MAIN ENTRY--PERSONAL NAME
Personal name Couzens, Tim.
9 (RLIN) 21280
245 14 - TITLE STATEMENT
Title The new African :
Remainder of title a study of the life and work of H.I.E. Dhlomo /
Statement of responsibility, etc Tim Couzens.
260 ## - PUBLICATION, DISTRIBUTION, ETC. (IMPRINT)
Place of publication, distribution, etc Johannesburg :
Name of publisher, distributor, etc Ravan Press,
Date of publication, distribution, etc 1985.
300 ## - PHYSICAL DESCRIPTION
Extent xvii, 382 p.;
500 ## - GENERAL NOTE
General note Includes index.
504 ## - BIBLIOGRAPHY, ETC. NOTE
Bibliography, etc Bibliography: p. [358]-368.
600 10 - SUBJECT ADDED ENTRY--PERSONAL NAME
Personal name Dhlomo, H. I. E.
Fuller form of name (Herbert I. E.),
Dates associated with a name 1903-1956.
9 (RLIN) 22999
650 #0 - SUBJECT ADDED ENTRY--TOPICAL TERM
Topical term or geographic name as entry element Blacks in literature.
9 (RLIN) 18698
650 #0 - SUBJECT ADDED ENTRY--TOPICAL TERM
Topical term or geographic name as entry element Blacks
Geographic subdivision South Africa
General subdivision Intellectual life.
9 (RLIN) 9419
942 ## - ADDED ENTRY ELEMENTS (KOHA)
Source of classification or shelving scheme Library of Congress Classification
Koha item type Monograph ( Printed materials)
948 2# - LOCAL PROCESSING INFORMATION (OCLC); SERIES PART DESIGNATOR (RLIN)
Series part designator, SPT (RLIN) 20070201
b (OCLC) a
c (OCLC) sds12
d (OCLC) MPS
Holdings
Withdrawn status Lost status Source of classification or shelving scheme Damaged status Not for loan Collection code Home library Current library Shelving location Date acquired Total Checkouts Full call number Barcode Date last seen Price effective from Koha item type
    Library of Congress Classification     Main Collection ARRUPE LIBRARY ARRUPE LIBRARY Main Collection 18/03/2016   PR9369.3.D47Z65 1985 46500006350 18/03/2016 18/03/2016 Monograph ( Printed materials)

 

Arrupe Library. PO Box MP320 Mt Pleasant, Harare, Zimbabwe
263 242 745411|librarian@aju.ac.zw